Industrial management and operations research / (Record no. 2865)
[ view plain ]
| 000 -LEADER | |
|---|---|
| fixed length control field | 00424cam a2200169ua 4500 |
| 041 ## - LANGUAGE CODE | |
| Language code of text/sound track or separate title | eng |
| 082 ## - DEWEY DECIMAL CLASSIFICATION NUMBER | |
| Classification number | 658.5 |
| Item number | AHU/IN |
| 100 ## - MAIN ENTRY--AUTHOR NAME | |
| Personal name | Ahuja , K K . |
| 245 ## - TITLE STATEMENT | |
| Title | Industrial management and operations research / |
| 260 ## - PUBLICATION, DISTRIBUTION, ETC. (IMPRINT) | |
| Place of publication | Delhi : |
| Name of publisher | Khanna Publishers , |
| Year of publication | 1993. |
| 300 ## - PHYSICAL DESCRIPTION | |
| Number of Pages | 1993 ; . |
| 942 ## - ADDED ENTRY ELEMENTS (KOHA) | |
| Koha item type | Books |
| Withdrawn status | Lost status | Damaged status | Home library | Current library | Date acquired | Full call number | Accession Number | Koha item type |
|---|---|---|---|---|---|---|---|---|
| KAUAET | KAUAET | 07/04/2012 | 658.5 AHU/IN | 18562 | Books |
